<?xml version="1.0" encoding="UTF-8"?>
<record
    xmlns:xsi="http://www.w3.org/2001/XMLSchema-instance"
    xsi:schemaLocation="http://www.loc.gov/MARC21/slim http://www.loc.gov/standards/marcxml/schema/MARC21slim.xsd"
    xmlns="http://www.loc.gov/MARC21/slim">

  <leader>00784nam a22001577a 4500</leader>
  <controlfield tag="003">OSt</controlfield>
  <controlfield tag="005">20160210155435.0</controlfield>
  <controlfield tag="008">160210b        xxu||||| |||| 00| 0 eng d</controlfield>
  <datafield tag="040" ind1=" " ind2=" ">
    <subfield code="c">RUA</subfield>
  </datafield>
  <datafield tag="082" ind1=" " ind2=" ">
    <subfield code="a">MGR DEP 2004 B379 Or.1</subfield>
  </datafield>
  <datafield tag="100" ind1=" " ind2=" ">
    <subfield code="9">7034</subfield>
    <subfield code="a">DEP SINATH, &#x178A;&#x17B7;&#x1794; &#x179F;&#x17CA;&#x17B8;&#x178E;&#x17B6;&#x178F;</subfield>
  </datafield>
  <datafield tag="245" ind1=" " ind2=" ">
    <subfield code="a">Geno type-by-environment interaction rain fed lowland rice (Oryza sativa L.) in Cambodia, &#x17A2;&#x1793;&#x17D2;&#x178F;&#x179A;&#x17A2;&#x17C6;&#x1796;&#x17BE;&#x179A;&#x179C;&#x17B6;&#x1784;&#x1796;&#x17BC;&#x1787;&#x179F;&#x17D2;&#x179A;&#x17BC;&#x179C;(Oryza sativa) &#x1793;&#x17B7;&#x1784;&#x179B;&#x1780;&#x17D2;&#x1781;&#x1781;&#x178E;&#x17D2;&#x178C;&#x178A;&#x17B6;&#x17C6;&#x178A;&#x17BB;&#x17C7; &#x1780;&#x17D2;&#x1793;&#x17BB;&#x1784;&#x178F;&#x17C6;&#x1794;&#x1793;&#x17CB;&#x1791;&#x17C6;&#x1793;&#x17B6;&#x1794;&#x17A2;&#x17B6;&#x179F;&#x17D2;&#x179A;&#x17D0;&#x1799;&#x178A;&#x17C4;&#x1799;&#x1791;&#x17B9;&#x1780;&#x1797;&#x17D2;&#x179B;&#x17C0;&#x1784;&#x1780;&#x17D2;&#x1793;&#x17BB;&#x1784;&#x1796;&#x17D2;&#x179A;&#x17C7;&#x179A;&#x17B6;&#x1787;&#x178E;&#x17B6;&#x1785;&#x1780;&#x17D2;&#x179A;&#x1780;&#x1798;&#x17D2;&#x1796;&#x17BB;&#x1787;&#x17B6;</subfield>
  </datafield>
  <datafield tag="260" ind1=" " ind2=" ">
    <subfield code="a">Phnom Penh</subfield>
    <subfield code="b">RUA</subfield>
    <subfield code="c">2005</subfield>
  </datafield>
  <datafield tag="300" ind1=" " ind2=" ">
    <subfield code="a">x; 60p.</subfield>
    <subfield code="b">ill.</subfield>
    <subfield code="c">29cm.</subfield>
  </datafield>
  <datafield tag="942" ind1=" " ind2=" ">
    <subfield code="2">ddc</subfield>
    <subfield code="c">NRM</subfield>
  </datafield>
  <datafield tag="999" ind1=" " ind2=" ">
    <subfield code="c">6621</subfield>
    <subfield code="d">6621</subfield>
  </datafield>
  <datafield tag="952" ind1=" " ind2=" ">
    <subfield code="0">0</subfield>
    <subfield code="1">0</subfield>
    <subfield code="2">ddc</subfield>
    <subfield code="4">0</subfield>
    <subfield code="6">MGR_DEP_2004_000000000000000_B379_OR_1</subfield>
    <subfield code="7">0</subfield>
    <subfield code="9">37817</subfield>
    <subfield code="a">LBB</subfield>
    <subfield code="b">LBB</subfield>
    <subfield code="c">B379</subfield>
    <subfield code="d">2016-02-10</subfield>
    <subfield code="o">MGR DEP 2004 B379 Or.1</subfield>
    <subfield code="p">RUA050216</subfield>
    <subfield code="r">2016-02-10</subfield>
    <subfield code="w">2016-02-10</subfield>
    <subfield code="y">NRM</subfield>
  </datafield>
  <datafield tag="952" ind1=" " ind2=" ">
    <subfield code="0">0</subfield>
    <subfield code="1">0</subfield>
    <subfield code="2">ddc</subfield>
    <subfield code="4">0</subfield>
    <subfield code="6">MGR_DEP_2004_000000000000000_B379_OR_2</subfield>
    <subfield code="7">0</subfield>
    <subfield code="9">37818</subfield>
    <subfield code="a">LBB</subfield>
    <subfield code="b">LBB</subfield>
    <subfield code="c">B379</subfield>
    <subfield code="d">2016-02-10</subfield>
    <subfield code="o">MGR DEP 2004 B379 Or.2</subfield>
    <subfield code="p">RUA049929</subfield>
    <subfield code="r">2016-02-10</subfield>
    <subfield code="w">2016-02-10</subfield>
    <subfield code="y">NRM</subfield>
  </datafield>
  <datafield tag="952" ind1=" " ind2=" ">
    <subfield code="0">0</subfield>
    <subfield code="1">0</subfield>
    <subfield code="2">ddc</subfield>
    <subfield code="4">0</subfield>
    <subfield code="6">MGR_DEP_2004_000000000000000_B379_OR_3</subfield>
    <subfield code="7">0</subfield>
    <subfield code="9">37819</subfield>
    <subfield code="a">LBB</subfield>
    <subfield code="b">LBB</subfield>
    <subfield code="c">B379</subfield>
    <subfield code="d">2016-02-10</subfield>
    <subfield code="o">MGR DEP 2004 B379 Or.3</subfield>
    <subfield code="p">RUA050076</subfield>
    <subfield code="r">2016-02-10</subfield>
    <subfield code="w">2016-02-10</subfield>
    <subfield code="y">NRM</subfield>
  </datafield>
  <datafield tag="952" ind1=" " ind2=" ">
    <subfield code="0">0</subfield>
    <subfield code="1">0</subfield>
    <subfield code="2">ddc</subfield>
    <subfield code="4">0</subfield>
    <subfield code="6">MGR_DEP_2004_000000000000000_B379_OR_4</subfield>
    <subfield code="7">0</subfield>
    <subfield code="9">37820</subfield>
    <subfield code="a">LBB</subfield>
    <subfield code="b">LBB</subfield>
    <subfield code="c">B379</subfield>
    <subfield code="d">2016-02-10</subfield>
    <subfield code="o">MGR DEP 2004 B379 Or.4</subfield>
    <subfield code="p">RUA050620</subfield>
    <subfield code="r">2016-02-10</subfield>
    <subfield code="w">2016-02-10</subfield>
    <subfield code="y">NRM</subfield>
  </datafield>
  <datafield tag="952" ind1=" " ind2=" ">
    <subfield code="0">0</subfield>
    <subfield code="1">0</subfield>
    <subfield code="2">ddc</subfield>
    <subfield code="4">0</subfield>
    <subfield code="6">MGR_DEP_2004_000000000000000_B379_OR_5</subfield>
    <subfield code="7">0</subfield>
    <subfield code="9">37821</subfield>
    <subfield code="a">LBB</subfield>
    <subfield code="b">LBB</subfield>
    <subfield code="c">B379</subfield>
    <subfield code="d">2016-02-10</subfield>
    <subfield code="o">MGR DEP 2004 B379 Or.5</subfield>
    <subfield code="p">RUA051245</subfield>
    <subfield code="r">2016-02-10</subfield>
    <subfield code="w">2016-02-10</subfield>
    <subfield code="y">NRM</subfield>
  </datafield>
  <datafield tag="952" ind1=" " ind2=" ">
    <subfield code="0">0</subfield>
    <subfield code="1">0</subfield>
    <subfield code="2">ddc</subfield>
    <subfield code="4">0</subfield>
    <subfield code="6">MGR_DEP_2004_000000000000000_B379_OR_6</subfield>
    <subfield code="7">0</subfield>
    <subfield code="9">37822</subfield>
    <subfield code="a">LBB</subfield>
    <subfield code="b">LBB</subfield>
    <subfield code="c">B379</subfield>
    <subfield code="d">2016-02-10</subfield>
    <subfield code="o">MGR DEP 2004 B379 Or.6</subfield>
    <subfield code="p">RUA051032</subfield>
    <subfield code="r">2016-02-10</subfield>
    <subfield code="w">2016-02-10</subfield>
    <subfield code="y">NRM</subfield>
  </datafield>
  <datafield tag="952" ind1=" " ind2=" ">
    <subfield code="0">0</subfield>
    <subfield code="1">0</subfield>
    <subfield code="2">ddc</subfield>
    <subfield code="4">0</subfield>
    <subfield code="6">MGR_DEP_2004_000000000000000_B379_OR_7</subfield>
    <subfield code="7">0</subfield>
    <subfield code="9">37823</subfield>
    <subfield code="a">LBB</subfield>
    <subfield code="b">LBB</subfield>
    <subfield code="c">B379</subfield>
    <subfield code="d">2016-02-10</subfield>
    <subfield code="o">MGR DEP 2004 B379 Or.7</subfield>
    <subfield code="p">RUA051756</subfield>
    <subfield code="r">2016-02-10</subfield>
    <subfield code="w">2016-02-10</subfield>
    <subfield code="y">NRM</subfield>
  </datafield>
  <datafield tag="952" ind1=" " ind2=" ">
    <subfield code="0">0</subfield>
    <subfield code="1">0</subfield>
    <subfield code="2">ddc</subfield>
    <subfield code="4">0</subfield>
    <subfield code="6">MGR_DEP_2004_000000000000000_B379_OR_8</subfield>
    <subfield code="7">0</subfield>
    <subfield code="9">37824</subfield>
    <subfield code="a">LBB</subfield>
    <subfield code="b">LBB</subfield>
    <subfield code="c">B379</subfield>
    <subfield code="d">2016-02-10</subfield>
    <subfield code="o">MGR DEP 2004 B379 Or.8</subfield>
    <subfield code="p">RUA049595</subfield>
    <subfield code="r">2016-02-10</subfield>
    <subfield code="w">2016-02-10</subfield>
    <subfield code="y">NRM</subfield>
  </datafield>
  <datafield tag="952" ind1=" " ind2=" ">
    <subfield code="0">0</subfield>
    <subfield code="1">0</subfield>
    <subfield code="2">ddc</subfield>
    <subfield code="4">0</subfield>
    <subfield code="6">MGR_DEP_2004_000000000000000_B379_OR_9</subfield>
    <subfield code="7">0</subfield>
    <subfield code="9">37825</subfield>
    <subfield code="a">LBB</subfield>
    <subfield code="b">LBB</subfield>
    <subfield code="c">B379</subfield>
    <subfield code="d">2016-02-10</subfield>
    <subfield code="o">MGR DEP 2004 B379 Or.9</subfield>
    <subfield code="p">RUA050244</subfield>
    <subfield code="r">2016-02-10</subfield>
    <subfield code="w">2016-02-10</subfield>
    <subfield code="y">NRM</subfield>
  </datafield>
  <datafield tag="952" ind1=" " ind2=" ">
    <subfield code="0">0</subfield>
    <subfield code="1">0</subfield>
    <subfield code="2">ddc</subfield>
    <subfield code="4">0</subfield>
    <subfield code="6">MGR_DEP_2004_000000000000000_B379_OR_10</subfield>
    <subfield code="7">0</subfield>
    <subfield code="9">37826</subfield>
    <subfield code="a">LBB</subfield>
    <subfield code="b">LBB</subfield>
    <subfield code="c">B379</subfield>
    <subfield code="d">2016-02-10</subfield>
    <subfield code="o">MGR DEP 2004 B379 Or.10</subfield>
    <subfield code="p">RUA052033</subfield>
    <subfield code="r">2016-02-10</subfield>
    <subfield code="w">2016-02-10</subfield>
    <subfield code="y">NRM</subfield>
  </datafield>
</record>
